000 00605nam a22002052 4500
001 0000018574
005 20151217161145.0
008 100211s xx 000 0 eng d
020 _a184353651x :
040 _aKABU
_cKABU
100 1 _aTrillo, Richard.
_@0000177883
245 1 4 _aThe Rough guide to Kenya /
_cwritten and researched by Richard Trillo.
250 _a8th ed.
260 _aLondon :
_bRough Guides,
_c2006.
300 _a733 p.
610 2 0 _aKenya
_xGuidebooks.
_@0000150215
852 1 _9p2370
908 _a100211
950 _@1
999 _c15154
_d15154